00302nam a2200121Ia 45000030006000000080041000060400015000471000015000622450037000772600037001145460012001510050017001630STCL150530s9999 xx 000 0 und d aSTCLcSTCL aEddy, W.A. aGulliver travells critical study bPrinceton university pressc1923 aEnglish20220125170842.0